| 000 | 00623cam a22001815a 4500 | ||
|---|---|---|---|
| 001 | L155879 | ||
| 008 | 120418s1847 xxk f 000 0 eng d | ||
| 035 | _a(Sirsi) u155879 | ||
| 041 | 0 | _aeng | |
| 245 | 0 | 0 | _aSpeeches at the agricultural meeting at Drayton Manor |
| 260 |
_aLondon _bPublished at the Office of the "Gardener's chronicle" _c[1847] |
||
| 300 |
_a16 p. _c18 cm. |
||
| 520 | _a"Reprinted from the 'Gardener's chronicle and agricultural gazette,' of October 11, 1847.". | ||
| 583 |
_aCondition reviewed _c20120620 _lcondition level 2 |
||
| 651 | 4 |
_aGreat Britain _y1707- |
|
| 690 |
_aRural _96268 |
||
| 942 | _n0 | ||
| 999 |
_c113891 _d113891 |
||